Catálogo

Sistema mexicano de alimentos equivalentes / (Registro nro. 42282)

Detalles MARC
000 -LEADER
fixed length control field 01330cam a2200349 i 4500
001 - CONTROL NUMBER
control field 42282
003 - CONTROL NUMBER IDENTIFIER
control field Mx-PuUPA
005 - DATE AND TIME OF LATEST TRANSACTION
control field 20260410085950.0
008 - FIXED-LENGTH DATA ELEMENTS--GENERAL INFORMATION
fixed length control field 140415s2022 mx a gr 000 0 spa d
020 ## - INTERNATIONAL STANDARD BOOK NUMBER
Terms of availability en trámite
040 ## - CATALOGING SOURCE
Original cataloging agency Mx-PuUPA
Language of cataloging spa
Transcribing agency Mx-PuUPA
Modifying agency Mx-PuUPA
Description conventions rda
041 0# - LANGUAGE CODE
Language code of text/sound track or separate title spa
100 1# - MAIN ENTRY--PERSONAL NAME
Personal name Pérez Lizaur, Ana Bertha,
Relator term autor
9 (RLIN) 8259
245 10 - TITLE STATEMENT
Title Sistema mexicano de alimentos equivalentes /
Statement of responsibility, etc. autoras, Ana Bertha Pérez Lizaur, Berenice Palacios González
246 3# - VARYING FORM OF TITLE
Title proper/short title smae
250 ## - EDITION STATEMENT
Edition statement Quinta edición
264 #1 - PRODUCTION, PUBLICATION, DISTRIBUTION, MANUFACTURE, AND COPYRIGHT NOTICE
Place of production, publication, distribution, manufacture Ciudad de México :
Name of producer, publisher, distributor, manufacturer Fomento de Nutrición y Salud,
Date of production, publication, distribution, manufacture, or copyright notice 2022
300 ## - PHYSICAL DESCRIPTION
Extent 203 páginas :
Other physical details ilustraciones, tablas ;
Dimensions 28 cm
336 ## - CONTENT TYPE
Fuente rdacontent
Content type term texto
Content type code txt
337 ## - MEDIA TYPE
Source rdamedia
Media type term sin medio
Media type code n
338 ## - CARRIER TYPE
Source rdacarrier
Carrier type term volumen
Carrier type code nc
650 #7 - SUBJECT ADDED ENTRY--TOPICAL TERM
Source of heading or term armarc
Topical term or geographic name entry element Sistema mexicano de alimentos equivalentes
650 #7 - SUBJECT ADDED ENTRY--TOPICAL TERM
Source of heading or term armarc
Topical term or geographic name entry element Alimentos dietéticos
Geographic subdivision México
650 #7 - SUBJECT ADDED ENTRY--TOPICAL TERM
Source of heading or term armarc
Topical term or geographic name entry element Alimentos
General subdivision Tablas, cálculo, etc.,
650 #7 - SUBJECT ADDED ENTRY--TOPICAL TERM
Source of heading or term armarc
Topical term or geographic name entry element Alimentos Composición
Geographic subdivision México
650 #7 - SUBJECT ADDED ENTRY--TOPICAL TERM
Source of heading or term armarc
Topical term or geographic name entry element Nutrición
Geographic subdivision México
700 1# - ADDED ENTRY--PERSONAL NAME
Personal name Palacios González, Berenice,
Relator term autor
942 ## - ADDED ENTRY ELEMENTS (KOHA)
Source of classification or shelving scheme Dewey Decimal Classification
Koha item type Libro
Classification part 613.20972
Item part P426
Existencias
Withdrawn status Lost status Source of classification or shelving scheme Damaged status Not for loan Collection code Home library Current library Shelving location Date acquired Source of acquisition Total Checkouts Full call number Barcode Checked out Date last seen Date last checked out Copy number Price effective from Koha item type
    Dewey Decimal Classification     Magisterial Biblioteca Karol Wojtyla Biblioteca Karol Wojtyla Módulo de circulación 03/12/2013 Compra 3 613.20972 P426 2022 64109 16/02/2027 16/02/2026 16/02/2026 Ej.2 03/12/2013 Magisterial
    Dewey Decimal Classification     Magisterial Biblioteca Karol Wojtyla Biblioteca Karol Wojtyla Módulo de circulación 03/12/2013 Donación 3 613.20972 P426 2022 63610 16/02/2027 16/02/2026 16/02/2026   03/12/2013 Magisterial